LEADER 00974nam0 22002771i 450 001 VAN0043120 005 20221129115141.824 100 $a20060330d1964 |0itac50 ba 101 $aita 102 $aIT 105 $a|||| ||||| 200 1 $aˆIl ‰negozio fiduciario$fNicolò Lipari 210 $aMilano$cA. Giuffrè$d1964 215 $a465 p.$d25 cm 606 $aFiducia$3VANC016955$2FI 620 $dMilano$3VANL000284 676 $a347$v21 700 1$aLipari$bNicolò$3VANV000195$0382529 712 $aGiuffrè$3VANV109181$4650 790 1$aLipari, Nicolo$zLipari, Nicolò$3VANV011853 801 $aIT$bSOL$c20221202$gRICA 899 $aBIBLIOTECA DEL DIPARTIMENTO DI GIURISPRUDENZA$1IT-CE0105$2VAN00 912 $aVAN0043120 950 $aBIBLIOTECA DEL DIPARTIMENTO DI GIURISPRUDENZA$d00CONS XV.Eb.113 $e00FP 28705 20061023 Fondo Raffaele Papa 996 $aNegozio fiduciario$9677260 997 $aUNISOB